| 000 | 01039nam a2200277 i 4500 | ||
|---|---|---|---|
| 001 | 171223 | ||
| 003 | ES-MaACL | ||
| 005 | 20250808062755.0 | ||
| 008 | 090506s1967 sp |||| | spa d | ||
| 017 | _aM 10915-1964 | ||
| 130 | 0 |
_aBiblia. _pN.T. _lEspañol. _9119294 |
|
| 245 | 1 | 0 |
_aLa Sagrada Escritura _b: Nuevo Testamento. _nIII (último) / _ctexto y comentario por Profesores de la Compañía de Jesús ; traducción y comentario por Miguel Nicolau...[et al.]. |
| 250 | _a2ª ed. | ||
| 260 |
_aMadrid : _b[La Editorial Católica], _c1967. |
||
| 300 |
_aXXIII, 920 p. ; _c20 cm. |
||
| 490 | 1 |
_aBiblioteca de autores cristianos ; _v214 |
|
| 500 | _aÍndices. | ||
| 505 | 8 | _aContiene : Carta a los Hebreos ; Epístolas Católicas ; Apocalipsis ; Índices | |
| 700 | 0 |
_aNicolau, Miguel. _985582 |
|
| 740 | 0 | _aCarta a los Hebreos. | |
| 740 | 0 | _aEpístolas Católicas. | |
| 740 | 0 | _aApocalipsis. | |
| 830 | 0 | 0 |
_aBiblioteca de autores cristianos _v214 _9178679 |
| 852 |
_aES-MaACL _jJ-209 _9R.46092 |
||
| 999 |
_c171223 _d171223 |
||